Eastern Bloc Flag Quiz - Statistics

General Stats
  • This quiz has been taken 137 times
  • The average score is 7 of 7
Answer Stats
Picture Answer % Correct
Poland
100%
Romania
100%
Soviet Union
100%
East Germany
98%
Hungary
96%
Bulgaria
95%
Czechoslovakia
95%
No matching quizzes found
Score Distribution
Percent of People with Each Score
Percentile by Number Answered
Your Score History
You have not taken this quiz